000 03181cam a22004577i 4500
999 _c14131
_d14131
001 20801644
005 20190816104102.0
008 190107t20182018nyu e b 000 0 eng d
010 _a 2018410271
020 _a978-1-5460-1028-9
035 _a(OCoLC)on1043521442
037 _bGrand Central Pub, C/O Little Brown & Co Order Dept 53 State st 9th Fl, Boston, MA, USA, 02109, (973)3728447
_nSAN 200-2205
040 _aEYB
_beng
_cEYB
_erda
_dYDX
_dBDX
_dJSE
_dOCLCO
_dOI6
_dOCLCF
_dJNE
_dFM0
_dQQ3
_dVP@
_dINR
_dTXMAD
_dIUK
_dOCLCA
_dSSH
_dXRQ
_dDLC
042 _alccopycat
050 0 0 _aBV4527
_b.M4383 2018
082 0 4 _aDC 248.843
_2©2018
_bM575
100 1 _aMeyer, Joyce,
_d1943-
_eauthor.
_939201
245 1 0 _aHealing the soul of a woman :
_bhow to overcome your emotional wounds /
_cJoyce Meyer.
250 _aFirst edition.
260 _aNew York:
_bHachette Book Grou, Inc.,
_c©2018
300 _aix, 231 pages ;
_c24 cm
500 _aIncludes a journaling area in back of book.
504 _aIncludes bibliographical references (pages 229-231).
505 0 _aThe history of women -- Living the best life available -- God wants the wounded -- What is a healthy soul? -- Help me! I don't understand myself! -- You are God's beloved -- Hurting people hurt people -- Unload the guilt and shame -- Finding your true self -- No parking at any time -- You are not damaged goods -- The wounds of sin -- Learning to live inside out -- You've got what it takes -- Roadblocks to healing -- The roadblock of self-pity -- Stand up for yourself -- Establish boundaries--don't build walls -- Become your own best ally -- Healing the wounds of codependency -- The blessings of a healthy soul -- The painless path -- The great exchange.
520 _aCan a woman who has been deeply hurt by life's circumstances be healed, heart and soul? If she has been wounded by a man she loved and trusted, can she love and trust again? As a woman who endured years of abuse, abandonment, and betrayal by those closest to her, Joyce Meyer can answer with a resounding "yes!" This book delves deeper into Joyce's story and the journey of healing for all women. Each chapter guides you through whatever obstacles may be holding you back to find your true destiny as God's beloved. God can heal all pain, and He wants to do this in you. -adapted from Amazon.
650 0 _aChristian women
_xReligious life.
_939202
650 0 _aWomen
_xReligious aspects
_xChristianity.
_939203
650 0 _aChristian life.
_910155
650 1 _aWomen
_xReligious aspects
_xChristianity.
_939203
650 7 _aRELIGION / Christian Life / Inspirational.
_2bisacsh
_939204
650 7 _aRELIGION / Christian Life / Spiritual Growth.
_2bisacsh
_939205
650 7 _aRELIGION / Christian Life / Personal Growth.
_2bisacsh
_939206
650 7 _aChristian women
_xReligious life.
_2fast
_939202
650 7 _aChristian life.
_2sears
_910155
650 7 _aWomen
_xReligious aspects
_xChristianity.
_2sears
_939203
655 4 _aNonfiction.
_939207
365 _b1,550.00
_cPhp
906 _a7
_bcbc
_ccopycat
_d2
_encip
_f20
_gy-gencatlg
942 _2ddc
_cDC